000 nam a22 7a 4500
999 _c334299
_d334299
003 BLK
005 20221031112523.0
008 190829b bu ||||| |||| 00| 0 bu d
020 _a978-619-199-446-5
040 _aBLK
041 _aBUL
_cBUL
080 _aСамолети
_b629.735.33
_x629.735.33(02.053.2)
100 _9303303
_aРужичка, Олдрич
_eпърви автор
139 _aРужичка, Олдрич
_bР 91
245 _aИстория на самолетите
_cОлдржих Ружичка; ил. Томаш Перницкий, Катержина Макалошова
260 _9209475
_aСофия
_bФют
_c2019
_n978-619-199- ; 978-954-625-
300 _a32 с.
_bс ил.
_c29 см
380 _aDN
650 7 _9170161
_aСамолети
653 7 _9196031
_aсамолетостроене
700 _9382674
_aТатаров, Антон Златаров
_eпрев. от англ.
852 _bД
_cДН 629/Р 91
852 _bЦб
_aЦб 303918
942 _cKNG
_n0
_s1
_09
999 _d334299
999 _d334299
999 _d334299
999 _d334298